=LDR 00000nam 2200000 4500 =001 INLIS000000000011050 =005 20210312083156 =035 ##$$a 0010-061300000011050 =008 210312################g##########0#ind## =041 ##$$a Ind =082 ##$$a 338.174 61 =090 ##$$a 338.174 61, Soe k =100 1#$$a Soetoisno, Loekman =245 1#$$a Kelapa sawit, kajian Sosial Ekonomi /$c Dr. Loekman Soetrisno ; Ir.Retno winahyu =260 ##$$a Yogyakarta :$b Aditya Media,$c 1991 =300 ##$$a xxii. 136 hlm : $b ilus ; $c 21x14 cm =700 #$$a Winahyu, Retno =850 ##$$a NBPNMAT =020 ##$$a 979-539-003-1 =084 ##$$a 338.174 61 SOE k =250 ##$$a cet.1 =650 #4$$a Kelapa sawit =520 ##$$a Bibliografi: hal.4, Indek: hal. 6 =990 ##$$a 47.324/Pro-92 =990 ##$$a 47.325/Pro-92